Cloud computing and digital media (Record no. 13550)
[ view plain ]
| 000 -LEADER | |
|---|---|
| fixed length control field | 00621 a2200229 4500 |
| 001 - CONTROL NUMBER | |
| control field | 148679 |
| 003 - CONTROL NUMBER IDENTIFIER | |
| control field | OSt |
| 005 - DATE AND TIME OF LATEST TRANSACTION | |
| control field | 20211001125924.0 |
| 008 - FIXED-LENGTH DATA ELEMENTS--GENERAL INFORMATION | |
| fixed length control field | |
| 020 ## - INTERNATIONAL STANDARD BOOK NUMBER | |
| International Standard Book Number | 9781466569171 |
| 082 ## - DEWEY DECIMAL CLASSIFICATION NUMBER | |
| Classification number | 004.6782 |
| Item number | C62C |
| 100 1# - MAIN ENTRY--PERSONAL NAME | |
| Personal name | Li, Kaun-Ching |
| 245 1# - TITLE STATEMENT | |
| Title | Cloud computing and digital media |
| Statement of responsibility, etc | by Kaun-Ching Li, Qing Li and Timothy K Shih |
| 260 ## - PUBLICATION, DISTRIBUTION, ETC. (IMPRINT) | |
| Place of publication, distribution, etc | Boca Raton |
| Name of publisher, distributor, etc | CRC Press |
| Date of publication, distribution, etc | 2014 |
| 300 ## - PHYSICAL DESCRIPTION | |
| Extent | 401p. |
| 653 ## - INDEX TERM--UNCONTROLLED | |
| Uncontrolled term | Computer Science |
| 653 ## - INDEX TERM--UNCONTROLLED | |
| Uncontrolled term | Cloud computing |
| 653 ## - INDEX TERM--UNCONTROLLED | |
| Uncontrolled term | Computer storage devices |
| 700 ## - ADDED ENTRY--PERSONAL NAME | |
| Personal name | Li, Qing et. Al. |
| 700 ## - ADDED ENTRY--PERSONAL NAME | |
| Personal name | Shih, Timothy K |
| 942 ## - ADDED ENTRY ELEMENTS (KOHA) | |
| Source of classification or shelving scheme | Dewey Decimal Classification |
| Koha item type | Books |
| Withdrawn status | Lost status | Source of classification or shelving scheme | Damaged status | Not for loan | Collection code | Home library | Current library | Date acquired | Source of acquisition | Cost, normal purchase price | Full call number | Barcode | Date last seen | Price effective from | Koha item type |
|---|---|---|---|---|---|---|---|---|---|---|---|---|---|---|---|
| Dewey Decimal Classification | General Text Book | Central University Of Rajasthan | Central University Of Rajasthan | 11/09/2015 | CSC | 0.00 | 004.6782 C62C | 22340 | 21/11/2024 | 02/09/2020 | Books |
